Asamblea de Mutualidades Escolares (Registro nro. 124938)

Detalles MARC
000 -LEADER
campo de control de longitud fija 00650nam a2200181 i 4500
001 - NÚMERO DE CONTROL
campo de control 124938
003 - IDENTIFICADOR DE NÚMERO DE CONTROL
campo de control ES-MaACL
005 - FECHA Y HORA DE LA ÚLTIMA TRANSACCIÓN
campo de control 20230906192526.0
007 - CAMPO FIJO DE DESCRIPCIÓN FÍSICA--INFORMACIÓN GENERAL
campo de control de longitud fija t|
008 - DATOS DE LONGITUD FIJA--INFORMACIÓN GENERAL
campo de control de longitud fija 070424s1934 sp ||||1| spa d
245 00 - MENCIÓN DEL TÍTULO
Título Asamblea de Mutualidades Escolares
Resto del título : junio de 1934.
260 ## - PUBLICACIÓN, DISTRIBUCIÓN, ETC.
Lugar de publicación, distribución, etc. Madrid :
Nombre del editor, distribuidor, etc. [s.n.],
Fecha de publicación, distribución, etc. 1934 (
Fabricante Imprenta y Encuadernación de los Sobrinos de la Sucesora de M. Minuesa de los Ríos)
300 ## - DESCRIPCIÓN FÍSICA
Extensión 277 p. ;
Dimensiones 22 cm.
490 1# - MENCIÓN DE SERIE
Mención de serie Publicaciones del Instituto Nacional de Previsión ;
Designación de volumen o secuencia 434
830 0# - PUNTO DE ACCESO ADICIONAL DE SERIE-TÍTULO UNIFORME
Título uniforme Publicaciones del Instituto Nacional de Previsión ;
Designación de volumen o secuencia 434
9 (RLIN) 181151
852 ## - LOCALIZACIÓN
Ubicación ES-MaACL
Número de control de estantería C-12638(5)
Existencias
Estatus retirado Estado de pérdida Estado de daño No para préstamo Biblioteca de origen Biblioteca actual Ubicación en estantería Fecha de adquisición Fuente de adquisición Total de préstamos Signatura topográfica completa Código de barras Visto por última vez Precio de reemplazo Tipo de ítem Koha
        Biblioteca del Ateneo de Madrid Biblioteca del Ateneo de Madrid Sala Palomar 17/01/2008     C-12638(5) 1130169 23/02/2023 23/02/2023 Libro impreso